[Event "Olimpiade 2016 - Donne"]
[Site "Baku"]
[Date "12.09.2016"]
[Round "10.49"]
[Board "4"]
[White "Al-Fayyadh, Zainab Asif Abdulah"]
[Black "Perez, Cecilia Manuela"]
[Result "1/2-1/2"]
[WhiteElo "1703"]
[BlackElo "1621"]
[WhiteTeam "Iraq"]
[BlackTeam "Uruguay"]
[WhiteFideId "4806476"]
[BlackFideId "3003191"]
[EventDate "2016.09.02"]

1. e4 e6 2. d4 d5 3. e5 c5 4. c3 Nc6 5. Nf3 Bd7 6. a3 f6 7. exf6 Nxf6 8. Bd3 Bd6
9. O-O Qc7 10. h3 O-O 11. b4 c4 12. Bc2 a6 13. Nbd2 e5 14. dxe5 Nxe5 15. Nd4 Qc8
16. N2f3 Nxf3+ 17. Qxf3 Ne4 18. Qh5 Nf6 19. Qf3 Qe8 20. Qe2 Qf7 21. Be3 Rae8 22.
Qf3 Ne4 23. Qxf7+ Rxf7 24. Bxe4 Rxe4 25. a4 Re8 26. b5 Rff8 27. Rfd1 Be5 28.
bxa6 bxa6 29. a5 Rb8 30. Rdb1 Rxb1+ 31. Rxb1 Rb8 32. Rxb8+ Bxb8 33. Nc2 1/2-1/2

[Event "Olimpiade 2016 - Donne"]
[Site "Baku"]
[Date "12.09.2016"]
[Round "10.50"]
[Board "2"]
[White "Berezovska, Svetlana"]
[Black "Shih, Ching-An"]
[Result "0-1"]
[BlackTitle "WCM"]
[WhiteElo "1794"]
[BlackElo "1460"]
[WhiteTeam "Monaco"]
[BlackTeam "Chinese Taipei"]
[WhiteFideId "5400740"]
[BlackFideId "16300653"]
[EventDate "2016.09.02"]

1. Nf3 Nf6 2. g3 g6 3. Bg2 Bg7 4. O-O O-O 5. d4 d5 6. c4 c6 7. Nc3 Nbd7 8. cxd5
cxd5 9. Bf4 a6 10. Rc1 Nb6 11. b3 Bf5 12. Nh4 Bd7 13. a4 Bc6 14. Nf3 Nh5 15. Bg5
h6 16. Be3 Nf6 17. Ne5 Rc8 18. Qd2 Kh7 19. h4 e6 20. g4 Nbd7 21. g5 Ng8 22. Nxd7
Bxd7 23. h5 Bc6 24. Bf3 Ne7 25. gxh6 Bf6 26. Bg4 Rg8 27. Qd3 Nf5 28. Kh1 Bh8 29.
Kh2 Qh4+ 30. Bh3 Bxd4 31. Bxd4 Nxd4 32. Nd1 Qf4+ 33. Kh1 Qxc1 34. Qxd4 Qxh6 35.
Qf6 Qg7 36. Qxg7+ Rxg7 37. hxg6+ Rxg6 38. f3 b5 39. Ne3 bxa4 40. bxa4 Bxa4 41.
Nxd5 Rc2 42. Nf4 Rh6 43. Kg2 Bb5 44. Re1 Kg7 45. Kf2 Kf6 46. Bf1 Ke5 47. Ng2 f5
48. Ne3 Rh2+ 49. Kg1 Rcxe2 50. Bxe2 Rxe2 51. Rxe2 Bxe2 52. Kf2 Bd3 53. Ke1 Kd4
54. Kd2 a5 55. Nd1 a4 56. Nb2 Bb5 57. Kc2 a3 58. Nd1 Ba4+ 0-1

[Event "Olimpiade 2016 - Donne"]
[Site "Baku"]
[Date "12.09.2016"]
[Round "10.50"]
[Board "4"]
[White "Berezovsky, Fiorina"]
[Black "Wong, Linda Jane"]
[Result "0-1"]
[WhiteElo "1096"]
[BlackElo "1351"]
[WhiteTeam "Monaco"]
[BlackTeam "Chinese Taipei"]
[WhiteFideId "5400651"]
[BlackFideId "16301005"]
[EventDate "2016.09.02"]

1. Nf3 c5 2. g3 Nc6 3. d4 cxd4 4. Nxd4 Nf6 5. Nxc6 bxc6 6. Bg2 e6 7. O-O Be7 8.
e4 Qa5 9. c4 O-O 10. Nc3 Ba6 11. Qa4 Qxa4 12. Nxa4 Bxc4 13. Re1 Bb5 14. Nc3 Ba6
15. Bf4 Bb4 16. Rac1 Ba5 17. e5 Nd5 18. Bd2 Rab8 19. b3 Ne7 20. Ne4 Bxd2 21.
Nxd2 Nf5 22. Ne4 Rfd8 23. Rcd1 Ne7 24. Rd2 Nd5 25. Rc1 f5 26. Nd6 g5 27. Bf1
Bxf1 28. Kxf1 Rb4 29. Rc4 Rdb8 30. Rdd4 Rxc4 31. Rxc4 Rb4 32. Ke2 Rxc4 33. Nxc4
Nc3+ 34. Kd3 Nxa2 35. Kd4 Kf8 36. Kc5 Ke7 37. b4 Nc3 38. Na3 Ne4+ 39. Kc4 Nxf2
40. b5 Ng4 41. h3 Nxe5+ 42. Kd4 Kd6 43. bxc6 Nxc6+ 44. Kd3 Kc5 45. Kc3 d5 46.
Kd3 e5 47. Nc2 Nb4+ 48. Nxb4 Kxb4 49. g4 fxg4 50. hxg4 a5 51. Kc2 a4 52. Kb2 a3+
53. Ka2 d4 54. Kb1 d3 55. Ka2 d2 56. Ka1 d1=Q+ 57. Ka2 Qc2+ 58. Ka1 Qb2# 0-1

[Event "Olimpiade 2016 - Donne"]
[Site "Baku"]
[Date "12.09.2016"]
[Round "10.51"]
[Board "1"]
[White "Mirza, Diana"]
[Black "Caton, Stacey"]
[Result "1-0"]
[WhiteTitle "WCM"]
[WhiteElo "1948"]
[BlackElo "1605"]
[WhiteTeam "Ireland"]
[BlackTeam "Aruba"]
[WhiteFideId "2503999"]
[BlackFideId "15900320"]
[EventDate "2016.09.02"]

1. e4 d6 2. d4 Nf6 3. Nc3 g6 4. f4 Bg7 5. Nf3 O-O 6. Bd3 c6 7. O-O Bg4 8. h3
Bxf3 9. Qxf3 Nbd7 10. e5 dxe5 11. fxe5 Nd5 12. Nxd5 cxd5 13. Qxd5 Nb6 14. Qe4 e6
15. Bd2 Qd5 16. Qxd5 Nxd5 17. c4 Nc7 18. Be4 Rad8 19. Bb4 Rfe8 20. Bd6 1-0

[Event "Olimpiade 2016 - Donne"]
[Site "Baku"]
[Date "12.09.2016"]
[Round "10.51"]
[Board "2"]
[White "Diaz, Maria M.A."]
[Black "O'Gorman, Alice"]
[Result "0-1"]
[WhiteTitle "WFM"]
[WhiteElo "1928"]
[BlackElo "1781"]
[WhiteTeam "Aruba"]
[BlackTeam "Ireland"]
[WhiteFideId "7500114"]
[BlackFideId "2508214"]
[EventDate "2016.09.02"]

1. d4 d5 2. c4 e6 3. Nf3 Nf6 4. Bg5 Be7 5. Nc3 O-O 6. e3 h6 7. Bh4 Nbd7 8. Bd3
dxc4 9. Bxc4 c5 10. O-O b6 11. Qe2 Bb7 12. Rfd1 Qc7 13. Bg3 Qc8 14. Bd3 Nh5 15.
Ne4 Nxg3 16. Nxg3 Bxf3 17. Qxf3 Nf6 18. Rac1 Qe8 19. h4 cxd4 20. exd4 Qd7 21.
Ne4 Qxd4 22. Rc7 Nd5 23. Rc2 Qe5 24. Re2 Qf4 25. Qh3 Qxh4 26. Qf3 Qf4 27. Qh3
Rfd8 28. Nd2 Rac8 29. g3 Qc7 30. Nc4 Nb4 31. Rxe6 Rxd3 32. Rxd3 Nxd3 33. Rxe7
Qxc4 34. Qf5 Rf8 35. b3 Qc1+ 36. Kh2 Qf1 37. Rd7 Nxf2 38. Qf3 Qh3+ 39. Kg1 Qxd7 0-1

[Event "Olimpiade 2016 - Donne"]
[Site "Baku"]
[Date "12.09.2016"]
[Round "10.51"]
[Board "3"]
[White "Kruk, Karina"]
[Black "Arbona Avila, Zaily M."]
[Result "1-0"]
[WhiteTitle "WFM"]
[BlackTitle "WCM"]
[WhiteElo "1766"]
[BlackElo "1535"]
[WhiteTeam "Ireland"]
[BlackTeam "Aruba"]
[WhiteFideId "1148184"]
[BlackFideId "15900053"]
[EventDate "2016.09.02"]

1. d4 Nf6 2. c4 g6 3. Nc3 Bg7 4. e4 d6 5. Nf3 O-O 6. Be2 c6 7. O-O Nbd7 8. Bg5
Qc7 9. h3 e5 10. d5 h6 11. Be3 Kh7 12. Qd2 Ne8 13. Ne1 f5 14. f3 Ndf6 15. Nd3 f4
16. Bf2 Qf7 17. dxc6 bxc6 18. c5 d5 19. Nxe5 Nxe4 20. fxe4 Bxe5 21. exd5 Bxc3
22. Qxc3 cxd5 23. Bd4 Qc7 24. Be5 Qe7 25. Bb5 g5 26. Bc6 Bb7 27. Qd3+ Kg8 28.
Qxd5+ 1-0

[Event "Olimpiade 2016 - Donne"]
[Site "Baku"]
[Date "12.09.2016"]
[Round "10.52"]
[Board "1"]
[White "dos Ramos, Rosangela"]
[Black "Wakuruwarewa, Colletta"]
[Result "0-1"]
[WhiteTitle "WFM"]
[WhiteElo "1821"]
[BlackElo "1716"]
[WhiteTeam "Surinam"]
[BlackTeam "Zimbabwe"]
[WhiteFideId "8200521"]
[BlackFideId "11001305"]
[EventDate "2016.09.02"]

1. e4 e6 2. d3 d5 3. Nd2 c5 4. Ngf3 Nc6 5. g3 Qc7 6. Bg2 d4 7. O-O e5 8. h3 f6
9. Nh4 Be6 10. Kh2 Qd7 11. Nhf3 g5 12. Ng1 h5 13. Qe2 Bd6 14. Nc4 Bc7 15. a4
Nge7 16. Bd2 Nc8 17. a5 a6 18. Rfb1 Nd6 19. Nxd6+ Qxd6 20. Bf1 Kd7 21. Qe1 b5
22. axb6 Bxb6 23. Qd1 g4 24. h4 Rhf8 25. Be1 f5 26. Ne2 f4 27. Ra3 fxg3+ 28.
Nxg3 Qe7 29. Kg1 Qxh4 30. Rba1 a5 31. c3 Qg5 32. Qd2 Qg6 33. Be2 Bd8 34. Qd1 h4
35. Nf1 g3 36. f3 Bg5 37. c4 Bf4 38. Bd2 h3 39. Bxf4 h2+ 40. Kg2 Bh3+ 0-1

[Event "Olimpiade 2016 - Donne"]
[Site "Baku"]
[Date "12.09.2016"]
[Round "10.52"]
[Board "2"]
[White "Zengeni, Tatenda Melisa"]
[Black "Adhin, Anviti"]
[Result "0-1"]
[BlackTitle "WCM"]
[WhiteElo "1649"]
[BlackElo "1616"]
[WhiteTeam "Zimbabwe"]
[BlackTeam "Surinam"]
[WhiteFideId "11001313"]
[BlackFideId "8201200"]
[EventDate "2016.09.02"]

1. d4 Nf6 2. Nf3 e6 3. e3 b6 4. Bd3 Bb7 5. Nbd2 d5 6. O-O Be7 7. b3 O-O 8. Bb2
Nbd7 9. c4 c5 10. Ne5 Nxe5 11. dxe5 Nd7 12. Qc2 h6 13. Rad1 Qc7 14. f4 Rac8 15.
Nf3 Rfd8 16. f5 Ra8 17. fxe6 fxe6 18. cxd5 Bxd5 19. Bc4 Bxc4 20. Qxc4 Nf8 21.
Qg4 Rxd1 22. Rxd1 Rd8 23. Rf1 Qd7 24. e4 Qe8 25. Bc1 Qg6 26. Qxg6 Nxg6 27. g3
Rd3 28. Ne1 Rd1 29. Nf3 Rxf1+ 30. Kxf1 Bd8 31. Ke2 Bc7 32. Bb2 Kf7 33. Kd3 Ke7
34. Kc4 a6 35. b4 cxb4 36. Kxb4 Kd7 37. Kc4 Kc6 38. a4 Kd7 39. Kd4 Ne7 40. Kc4
Ng6 41. Bd4 Ne7 42. Bb2 Nc6 43. Bc3 Ke7 44. Bb2 Kf7 45. Bc3 Kg6 46. Kd3 Kh5 47.
h3 g5 48. g4+ Kg6 49. Ke3 Kf7 50. Kf2 Ne7 51. Bb4 Ng6 52. Bd6 Bxd6 53. exd6 e5
54. Nd2 Ke6 55. Nc4 b5 56. axb5 axb5 57. Ne3 Nh4 58. d7 Kxd7 59. Nf5 b4 60. Ke2
Nxf5 61. exf5 e4 62. Ke3 b3 0-1

[Event "Olimpiade 2016 - Donne"]
[Site "Baku"]
[Date "12.09.2016"]
[Round "10.52"]
[Board "3"]
[White "Frijde, Reyna"]
[Black "Nomalungelo, Mathe"]
[Result "0-1"]
[WhiteTitle "WCM"]
[WhiteElo "1605"]
[BlackElo "1574"]
[WhiteTeam "Surinam"]
[BlackTeam "Zimbabwe"]
[WhiteFideId "8200335"]
[BlackFideId "11001178"]
[EventDate "2016.09.02"]

1. d4 d5 2. e3 Nf6 3. c4 e6 4. Nf3 Be7 5. Nc3 c6 6. Bd3 dxc4 7. Bxc4 Nbd7 8. O-O
O-O 9. a3 Re8 10. b4 Bf8 11. Qc2 g6 12. Bb2 Bg7 13. Rad1 Nb6 14. Bb3 Nbd5 15.
Rfe1 Nxc3 16. Bxc3 Nd5 17. Bb2 Bd7 18. Qd2 Qc7 19. Rc1 Qd8 20. Red1 Qe7 21. Ba1
Rac8 22. Re1 Qd8 23. e4 Ne7 24. Ne5 Rf8 25. Nc4 Be8 26. f4 Rc7 27. Rcd1 Rc8 28.
Ne3 Qb6 29. Nc4 Qc7 30. Qf2 Rd8 31. h4 h5 32. Bc2 Bd7 33. Re3 Kh7 34. Rf3 Rg8
35. Ne3 f5 36. Qg3 Bh6 37. Nc4 Rdf8 38. Ne5 Be8 39. Re1 Qd6 40. Qf2 Qc7 41. Bb3
fxe4 42. Rxe4 Nd5 43. Bc2 Rf6 44. g3 Rgf8 45. Bb3 a6 46. Bb2 Rg8 47. Qe1 Rg7 48.
Nd3 Bf7 49. Nc5 Qc8 50. Qe2 Rg8 51. Bxd5 cxd5 52. Re5 Re8 53. Rc3 Rf5 54. Nxe6
Rxe5 55. Ng5+ Rxg5 56. hxg5 Rxe2 57. Rxc8 Bxg5 58. fxg5 Rxb2 59. Rc7 Kg7 60.
Rxb7 Rb3 61. a4 Rxg3+ 62. Kf2 Rd3 63. Rb6 Rxd4 64. Rxa6 Rxb4 65. a5 Ra4 66. Ra8
h4 67. a6 h3 68. Kg3 Ra3+ 69. Kh2 Be6 70. Ra7+ Kf8 71. Ra8+ Ke7 72. Ra7+ Bd7 73.
Ra8 d4 0-1

[Event "Olimpiade 2016 - Donne"]
[Site "Baku"]
[Date "12.09.2016"]
[Round "10.53"]
[Board "1"]
[White "Caruana Pulpan, Oana"]
[Black "Francis, Onkemetse"]
[Result "1/2-1/2"]
[WhiteTitle "WFM"]
[BlackTitle "WIM"]
[WhiteElo "1894"]
[BlackElo "1777"]
[WhiteTeam "Malta"]
[BlackTeam "Botswana"]
[WhiteFideId "5600502"]
[BlackFideId "11301287"]
[EventDate "2016.09.02"]

1. d4 d5 2. Nf3 Nf6 3. g3 c6 4. Bg2 Bf5 5. O-O e6 6. Nh4 Bg6 7. Nc3 Be7 8. Nxg6
hxg6 9. Qd3 Nbd7 10. e4 dxe4 11. Nxe4 Qa5 12. Bd2 Qh5 13. h3 Nxe4 14. Qxe4 O-O-O
15. Rfd1 Nf6 16. Qe5 Bd6 17. Qxh5 gxh5 18. Bg5 Be7 19. c4 Rd7 20. Bf3 g6 21. Kf1
Rhd8 22. Be3 Ne8 23. d5 exd5 24. cxd5 cxd5 25. Bxa7 Nf6 26. Rac1+ Rc7 27. Bb6
Rxc1 28. Rxc1+ Kd7 29. Bxd8 Bxd8 30. h4 Be7 31. Ke2 b6 32. a3 Bd6 33. Bg2 Bc5
34. b4 Bd6 35. Bh3+ Ke7 36. Rc6 Ne4 37. Bg2 Kd7 38. b5 Nf6 39. Bh3+ Ke7 40. a4
Ne4 41. Rxb6 Nc3+ 42. Kf1 Nxa4 43. Rb7+ Kf6 44. Rd7 Be7 45. Rxd5 Nc3 46. Rd7
Nxb5 47. f4 Nd6 48. Ke2 Ne4 49. Kf3 Nd6 50. Ke3 Bf8 51. Kd4 Nb5+ 52. Kc4 Nd6+
53. Kd5 Ne8 54. Bg2 Ng7 55. Be4 Bb4 56. Kc4 Be1 57. Bd5 Ne6 58. Bxe6 Kxe6 59.
Rd3 Kf5 60. Re3 Bf2 61. Rf3 Be1 62. Re3 1/2-1/2

[Event "Olimpiade 2016 - Donne"]
[Site "Baku"]
[Date "12.09.2016"]
[Round "10.53"]
[Board "2"]
[White "Mbo, Mabedi"]
[Black "Thornton, Filipina"]
[Result "0-1"]
[BlackTitle "WCM"]
[WhiteElo "1531"]
[BlackElo "1737"]
[WhiteTeam "Botswana"]
[BlackTeam "Malta"]
[WhiteFideId "11301422"]
[BlackFideId "5600464"]
[EventDate "2016.09.02"]

1. e4 c5 2. Nf3 d6 3. Bc4 e6 4. Nc3 Nf6 5. d3 Nc6 6. Bg5 Be7 7. O-O a6 8. a3 b5
9. Ba2 O-O 10. Re1 Qc7 11. Qd2 Bb7 12. Qf4 Nd4 13. Rac1 Nxf3+ 14. Qxf3 b4 15.
axb4 cxb4 16. Ne2 Qa5 17. Bxf6 Bxf6 18. Bb3 Bxb2 19. Rb1 Bf6 20. Qh3 Rfc8 21.
Nf4 Rc5 22. Re3 Bg5 23. Rf3 Bxf4 24. Rxf4 Qd8 25. Qf3 Qe7 26. h4 a5 27. Rg4 a4
28. Ba2 Rxc2 29. Bc4 b3 30. Qg3 Qf8 31. h5 b2 32. Qf4 Rc8 33. Kh2 Rc5 34. Rh4 a3
35. h6 g6 36. Kg3 R5xc4 37. dxc4 a2 38. Rhh1 axb1=Q 39. Rxb1 d5 40. cxd5 exd5
41. Qf6 Qxh6 42. Rxb2 Rxb2 43. Qxb2 Qg5+ 44. Kh2 Qf4+ 45. Kg1 Qc7 46. exd5 Bxd5
47. Qa1 Bb7 48. Qb2 h5 49. Qf6 Qc6 50. f3 Qxf6 0-1

[Event "Olimpiade 2016 - Donne"]
[Site "Baku"]
[Date "12.09.2016"]
[Round "10.53"]
[Board "3"]
[White "Farrugia, Jamie"]
[Black "Francis, Thapelo"]
[Result "0-1"]
[WhiteTitle "WFM"]
[BlackTitle "WFM"]
[WhiteElo "1617"]
[BlackElo "1700"]
[WhiteTeam "Malta"]
[BlackTeam "Botswana"]
[WhiteFideId "5600898"]
[BlackFideId "11301317"]
[EventDate "2016.09.02"]

1. e4 e5 2. Nf3 Nc6 3. Bc4 Be7 4. c3 Nf6 5. d3 d6 6. h3 O-O 7. Be3 Be6 8. Nbd2
h6 9. O-O Bxc4 10. Nxc4 Nh7 11. d4 exd4 12. Nxd4 Nxd4 13. Qxd4 Bf6 14. e5 dxe5
15. Nxe5 Qe7 16. Bf4 Rfd8 17. Qe3 Bxe5 18. Qxe5 Qxe5 19. Bxe5 Rd2 20. Rab1 c6
21. Bf4 Rd7 22. Rbd1 Rad8 23. Rxd7 Rxd7 24. Re1 Kf8 25. Re2 Nf6 26. Rd2 Rxd2 27.
Bxd2 a6 28. Kf1 Ke7 29. Ke2 Ke6 30. Kd3 Nd7 31. Ke4 f5+ 32. Kd4 c5+ 33. Kc4 b5+
34. Kd3 Ne5+ 35. Ke2 Kd5 36. b3 c4 37. Be3 h5 38. Bd4 cxb3 39. axb3 g6 40. Ke3
a5 41. f4 Nf7 42. Kd3 Nd6 43. Ke3 a4 44. bxa4 bxa4 45. c4+ Nxc4+ 46. Kd3 a3 47.
Bf6 Nb2+ 48. Kc3 Ke4 49. g3 Kf3 50. Bh4 Kg2 51. Kb3 Kxh3 52. Kxa3 Nd1 53. Kb3
Ne3 54. Kc3 Nf1 55. Kd3 Nxg3 56. Be7 Kg4 57. Ke3 h4 58. Kf2 h3 59. Kg1 Kxf4 60.
Kh2 Kg4 61. Bd6 Ne4 62. Bb8 g5 63. Kh1 f4 64. Bxf4 gxf4 65. Kh2 f3 66. Kh1 Kg3
67. Kg1 f2+ 68. Kf1 h2 0-1

[Event "Olimpiade 2016 - Donne"]
[Site "Baku"]
[Date "12.09.2016"]
[Round "10.54"]
[Board "1"]
[White "Mena, Ailen Oriana"]
[Black "Mwango, Lorita"]
[Result "0-1"]
[WhiteTitle "WFM"]
[BlackTitle "WFM"]
[WhiteElo "1715"]
[BlackElo "1935"]
[WhiteTeam "Netherlands Antilles"]
[BlackTeam "Zambia"]
[WhiteFideId "3902773"]
[BlackFideId "8700478"]
[EventDate "2016.09.02"]

1. e4 c5 2. c3 Nc6 3. d4 cxd4 4. cxd4 d5 5. e5 Qb6 6. Ne2 e6 7. a3 Bd7 8. Nbc3
Rc8 9. g3 Nge7 10. Na4 Qc7 11. Nac3 Nf5 12. Bh3 Nfe7 13. O-O Ng6 14. f4 a6 15.
f5 Nge7 16. fxe6 fxe6 17. Nf4 Nd8 18. Qf3 Qb6 19. Qf2 g6 20. Nd3 Nf5 21. Be3 Be7
22. Bxf5 gxf5 23. Nc5 Rf8 24. b4 Qc7 25. Rac1 Bxc5 26. bxc5 Qa5 27. Qb2 Bc6 28.
Rf4 Rc7 29. Bd2 Rcf7 30. Ne4 Qc7 31. Nd6+ Kd7 32. Nxf7 Rxf7 33. Qb6 Qc8 34. Rh4
Rg7 35. Bh6 Rg8 36. Rf1 Nf7 37. Be3 Rg7 38. Qb1 Qe8 39. Qc1 Qg8 40. Qd1 Rxg3+
41. hxg3 Qxg3+ 42. Kh1 Qxh4+ 43. Kg2 Nxe5 44. Bf4 Ng6 45. Bg3 Qg5 46. Kf2 h5 47.
Qc1 f4 48. Bh2 Qh4+ 49. Kg2 Qg4+ 50. Kf2 Bb5 51. Re1 Qh4+ 52. Kg1 f3 53. Qc2
Qxe1# 0-1

[Event "Olimpiade 2016 - Donne"]
[Site "Baku"]
[Date "12.09.2016"]
[Round "10.54"]
[Board "2"]
[White "Hamoonga, Linda Banti"]
[Black "Salim-Moussa, Arzy Zahia"]
[Result "1-0"]
[WhiteTitle "WCM"]
[WhiteElo "1783"]
[BlackElo "1403"]
[WhiteTeam "Zambia"]
[BlackTeam "Netherlands Antilles"]
[WhiteFideId "8700648"]
[BlackFideId "7500408"]
[EventDate "2016.09.02"]

1. d4 d6 2. c4 Nf6 3. Nf3 g6 4. Nc3 Bg7 5. e4 O-O 6. Be2 Re8 7. O-O Bg4 8. h3
Bxf3 9. Bxf3 e5 10. Bg5 h6 11. Be3 exd4 12. Bxd4 Nc6 13. Be3 Ne5 14. Qe2 Nxf3+
15. Qxf3 c6 16. Rad1 Qe7 17. Rfe1 c5 18. Bf4 Rad8 19. Qe3 g5 20. Bh2 Nh7 21. Qd2
Be5 22. Nd5 Bxh2+ 23. Kxh2 Qe5+ 24. Kg1 Nf6 25. Nxf6+ Qxf6 26. b3 Qe5 27. Qd5
Qxd5 28. Rxd5 Re5 29. Kf1 Rxd5 30. exd5 Kf8 31. Re4 Re8 32. Rxe8+ Kxe8 33. Ke2
Ke7 34. Ke3 f5 35. f4 Kf6 36. g3 h5 37. Kf3 g4+ 38. hxg4 fxg4+ 39. Ke4 a6 40. a3
b5 41. cxb5 axb5 42. a4 h4 43. gxh4 g3 44. Kf3 g2 45. Kxg2 c4 46. bxc4 bxa4 47.
c5 Ke7 48. cxd6+ Kd7 49. f5 a3 50. f6 a2 51. f7 a1=Q 52. f8=Q Qb2+ 53. Kg3 Qb3+
54. Qf3 Qxf3+ 55. Kxf3 Kxd6 56. Ke4 Kd7 57. Ke5 Ke7 58. d6+ Kd7 59. h5 1-0

[Event "Olimpiade 2016 - Donne"]
[Site "Baku"]
[Date "12.09.2016"]
[Round "10.54"]
[Board "4"]
[White "Lubuuto, Bwalya Mulwale"]
[Black "Salim-Moussa, Seydi"]
[Result "1-0"]
[BlackTitle "WCM"]
[WhiteElo "1529"]
[BlackElo "1668"]
[WhiteTeam "Zambia"]
[BlackTeam "Netherlands Antilles"]
[WhiteFideId "8706964"]
[BlackFideId "7500440"]
[EventDate "2016.09.02"]

1. d4 d6 2. Nf3 g6 3. c4 Nf6 4. Nc3 Bg7 5. Bf4 O-O 6. e3 Nc6 7. Be2 Bf5 8. O-O
Re8 9. d5 Nb8 10. Nd4 e5 11. dxe6 Bxe6 12. Nxe6 Rxe6 13. Bg5 Nbd7 14. Nd5 h6 15.
Bh4 g5 16. Bg3 Ne4 17. Rb1 Nxg3 18. hxg3 Nf6 19. Qd3 c6 20. Nxf6+ Bxf6 21. Bg4
Re7 22. Rfd1 Be5 23. f4 gxf4 24. gxf4 Bg7 25. Kf2 Qe8 26. b4 Rd8 27. Rb3 d5 28.
cxd5 Rxd5 29. Qc2 Rxd1 30. Qxd1 Bf6 31. Bf5 Qf8 32. e4 Qb8 33. Rg3+ Bg7 34. Qg4
f6 35. Be6+ Kh8 36. f5 Qe5 37. Rd3 Qb8 38. g3 b5 39. Qd1 Qb6+ 40. Kg2 Re8 41.
Rd7 Qe3 42. Qg4 Qg5 43. Qxg5 hxg5 44. Rxa7 Rd8 45. Bd7 Bf8 46. a3 Kg8 47. Bxc6
Rd2+ 48. Kf3 Ra2 49. Bd5+ 1-0

[Event "Olimpiade 2016 - Donne"]
[Site "Baku"]
[Date "12.09.2016"]
[Round "10.55"]
[Board "1"]
[White "Caxita, Esperanca"]
[Black "Atikankhotchasee, Manunthon"]
[Result "0-1"]
[WhiteTitle "WIM"]
[WhiteElo "1871"]
[BlackElo "1696"]
[WhiteTeam "Angola"]
[BlackTeam "Thailand"]
[WhiteFideId "10100903"]
[BlackFideId "6203191"]
[EventDate "2016.09.02"]

1. e4 c5 2. Nf3 g6 3. d4 cxd4 4. Qxd4 Nf6 5. e5 Nc6 6. Qc3 Nd5 7. Qd2 e6 8. Bd3
Bg7 9. Be4 Nde7 10. Qc3 Nxe5 11. Nxe5 d6 12. Bf4 g5 13. Bg3 f5 14. Bf3 f4 15.
Bh5+ Ng6 16. Qd3 Qa5+ 17. Nc3 Qxe5+ 18. Kf1 fxg3 19. hxg3 O-O 20. Bxg6 hxg6 21.
Qxg6 Qf5 22. Qxf5 Rxf5 23. Nd1 Bd7 24. c3 Raf8 25. g4 Rf4 26. f3 Rxg4 27. Nf2
Bb5+ 28. Kg1 Rh4 29. Ne4 Rxh1+ 30. Kxh1 Be5 31. Nxg5 Rf6 32. Kg1 Bc6 33. Kf2 Kg7
34. g3 Kg6 35. f4 Bxf4 36. gxf4 Rxf4+ 37. Ke3 Kxg5 38. Rg1+ Kf5 39. Rd1 Re4+ 40.
Kf2 d5 41. a3 e5 42. Rh1 Rg4 43. Rh5+ Rg5 44. Rh8 a5 45. Ke3 a4 46. Rf8+ Ke6 47.
Rf2 Rg3+ 48. Kd2 e4 49. Re2 Bb5 50. Rh2 Rd3+ 51. Ke1 Rf3 52. Rh1 Kd6 0-1

[Event "Olimpiade 2016 - Donne"]
[Site "Baku"]
[Date "12.09.2016"]
[Round "10.55"]
[Board "2"]
[White "Atthaworadej, Worasuda"]
[Black "Domingos, Maria M"]
[Result "1/2-1/2"]
[WhiteTitle "WCM"]
[BlackTitle "WIM"]
[WhiteElo "1748"]
[BlackElo "1689"]
[WhiteTeam "Thailand"]
[BlackTeam "Angola"]
[WhiteFideId "6201563"]
[BlackFideId "10100768"]
[EventDate "2016.09.02"]

1. c4 g6 2. g3 Bg7 3. Bg2 e6 4. Nf3 c6 5. O-O Ne7 6. Nc3 d5 7. d4 dxc4 8. Qa4 b5
9. Qc2 O-O 10. Rd1 Nd7 11. Bg5 Qe8 12. Nd2 Nd5 13. Nde4 N7b6 14. Nc5 Bd7 15. a4
b4 16. N3e4 f6 17. Be3 Nxe3 18. fxe3 Bh6 19. Nd6 Qe7 20. Nxc4 Nxc4 21. Qxc4
Bxe3+ 22. Kh1 Rfc8 23. Qxb4 Rab8 24. Qc3 Bh6 25. Ra3 Be8 26. Rb3 Rxb3 27. Qxb3
Bf7 28. Qc3 Qd6 29. Ne4 Qd8 30. Rf1 Bg7 31. Qc5 f5 32. Nd6 Rc7 33. Rd1 Be8 34.
Nxe8 Qxe8 35. Qd6 Qd7 36. Qxd7 Rxd7 37. Bxc6 Rxd4 38. Rxd4 Bxd4 39. b3 Kf7 40.
Kg2 h6 41. Kf3 a5 42. Bb7 Kf6 43. Bc6 g5 44. Bb5 e5 45. Bc6 e4+ 46. Kg2 Ke5 47.
Bb7 f4 48. g4 Bc5 49. Ba6 Kd4 50. Bb5 Ke3 51. Bc6 Bd6 52. Bb7 Be5 53. Bc6 h5 54.
h3 h4 55. Bb7 Bd4 56. Bc6 Bc3 57. Bb7 1/2-1/2

[Event "Olimpiade 2016 - Donne"]
[Site "Baku"]
[Date "12.09.2016"]
[Round "10.55"]
[Board "3"]
[White "Joao, Delfina"]
[Black "Taweesupmun, Chanida"]
[Result "0-1"]
[BlackTitle "WCM"]
[WhiteElo "1659"]
[BlackElo "1773"]
[WhiteTeam "Angola"]
[BlackTeam "Thailand"]
[WhiteFideId "10100920"]
[BlackFideId "6200117"]
[EventDate "2016.09.02"]

1. e4 c6 2. d4 d5 3. exd5 cxd5 4. Bb5+ Bd7 5. Bxd7+ Qxd7 6. c3 e6 7. Bf4 Nf6 8.
Nf3 Bd6 9. Bxd6 Qxd6 10. Nbd2 O-O 11. O-O Nc6 12. Nb3 b6 13. Re1 Ne7 14. Qe2 Ng6
15. Ne5 a6 16. Nxg6 hxg6 17. Qe5 Qxe5 18. Rxe5 Rfe8 19. Re2 Nd7 20. Rae1 a5 21.
Nd2 b5 22. f4 Rec8 23. Nf3 b4 24. cxb4 axb4 25. b3 Rc3 26. Rd2 Nf6 27. Ng5 Rac8
28. Ree2 Rc1+ 29. Kf2 R8c3 30. g3 Ng4+ 31. Kg2 Ne3+ 32. Kh3 Nf1 33. Rb2 Rd1 34.
Rf2 Ne3 35. Rbd2 Rdc1 36. Rfe2 Kf8 37. Rf2 Ke7 38. Kh4 Nf5+ 39. Kg4 f6 40. Nf3
Nd6 41. Nh4 Ne4 42. Nxg6+ Kd6 43. Nh4 Nxf2+ 44. Rxf2 R1c2 45. Rxc2 Rxc2 46. h3
Rxa2 47. f5 Rb2 0-1

[Event "Olimpiade 2016 - Donne"]
[Site "Baku"]
[Date "12.09.2016"]
[Round "10.55"]
[Board "4"]
[White "Vongvastana, Chananchida"]
[Black "Tavares, Domingas"]
[Result "1-0"]
[WhiteElo "1594"]
[BlackElo "1563"]
[WhiteTeam "Thailand"]
[BlackTeam "Angola"]
[WhiteFideId "6202179"]
[BlackFideId "10100857"]
[EventDate "2016.09.02"]

1. e4 e5 2. Nf3 Nc6 3. Bc4 Bc5 4. c3 Nf6 5. d3 O-O 6. O-O d6 7. Bb3 h6 8. h3 a6
9. Re1 Re8 10. Nbd2 Bd7 11. Nf1 b5 12. Ng3 Qc8 13. Bd2 Bb6 14. Qc1 Na5 15. Bxh6
gxh6 16. Qxh6 Nxb3 17. axb3 Re6 18. Ng5 Qf8 19. Qxf8+ Kxf8 20. Nxe6+ Bxe6 21. b4
Ke7 22. Kf1 a5 23. bxa5 Rxa5 24. Rxa5 Bxa5 25. Ke2 Bb6 26. Rf1 d5 27. f3 dxe4
28. fxe4 Nd7 29. Nf5+ Kf8 30. g4 Nc5 31. Rd1 Na4 32. Rd2 Bg1 33. Kf3 Bb6 34. g5
Nc5 35. h4 Bd7 36. Kg4 Ne6 37. h5 Kg8 38. Rd1 Nc5 39. Kh4 Kf8 40. Kg4 Na4 41.
Rd2 Kg8 42. g6 Bc5 43. Kg5 Bxf5 44. Kxf5 fxg6+ 45. hxg6 Kg7 46. Rh2 Bd6 47. Rh7+
Kg8 48. Kf6 Nc5 49. g7 Nd7+ 50. Kg6 Nf8+ 51. gxf8=Q+ Kxf8 52. Kf6 Kg8 53. Rd7 1-0